000 00376pab a2200157 454500
008 180718b2007 xxu||||| |||| 00| 0 eng d
100 _aPersaud, Avinash D.
245 _aThe crash of 2007-08
260 _c2007
300 _ap.3444-446.
362 _a25 Aug
650 _aPublic administration
773 _aEconomic and Political Weekly
908 _aN
909 _a75711
999 _c75711
_d75711